书目信息 |
| 书名: | International marketing | |
| 作者: | Philip R. Cateora, John L. Graham. | |
| 分册号: | ||
| 分册名: | 出版地: | Boston : |
|
| 出版社: | Irwin/McGraw-Hill | |
| 出版时间: | 1999. | |
| 页数: | 721 p. ; | |
| 开本: | 26cm. | |
| 丛书名: | ||
| 中图分类号: | ||
| 科图分类号: | ||
| 其他分类号: | F741.2 | |
| 主题词: | ||
| 电子资源: | ||
| 000 | 00441nam 2200157 a 4500 | |
| 001 | E0435638685 | |
| 005 | 2004121709535829 | |
| 008 | 041217s1999 00010 eng | |
| 020 | @a0-256-25982-8 :@cCNY 12.00. | |
| 040 | @aPFT@beng | |
| 090 | @aF741.2 | |
| 099 | @dF741.2@eC358 | |
| 245 | @aInternational marketing / @cPhilip R. Cateora, John L. Graham. | |
| 250 | @a10th ed. | |
| 260 | @aBoston :@bIrwin/McGraw-Hill,@c1999. | |
| 300 | @a721 p. ;@c26cm. | |
| International marketing / / Philip R. Cateora, John L. Graham.-10th ed.-Boston : : Irwin/McGraw-Hill, , 1999. |
| 721 p. ; ; 26cm. |
| ISBN 0-256-25982-8 :CNY 12.00. |
| ● |
| 相关链接 |
|
|
|
正题名:International marketing
索取号:F741.2/C358
 
预约/预借
| 序号 | 登录号 | 条形码 | 馆藏地/架位号 | 状态 | 备注 |
| 1 | 04457 | 300044574 | 社科库409/409社科库 116排1列2层/ [索取号:F741.2/C358] | 在馆 | |
| 2 | 04865 | 300048650 | 社科库409/409社科库 116排1列2层/ [索取号:F741.2/C358] | 在馆 |